000 01628nam0a22003731 4500
001 rc\2277686
005 20110829191355.7
035 _a(NLR Aleph) 006557492
090 _a6807580
_c6807580
100 _a20110829d1979 |||y0rusy50 ca
101 0 _arus
102 _aRU
105 _ay g |||||
200 1 _aОтветственность за административные правонарушения
_eСправочник для работников юстиции и правоохранит. органов
_f[Сост. В.А. Прилуцкий, Р.К. Рыбальченко, Ф.Д. Финочко, В.П. Шишкин]
_gПод ред. О.М. Якубы, Р.С. Павловского
210 _aХарьков
_cВища школа. Изд-во при Харьк. ун-те
_d1979
215 _a168 с.
_d20
320 _aАлф.-предм. указ.: с. 162-167
606 _aОтветственность административная
_jСправочники
_2psbo
686 _a33С3
_2rubbk
686 _a67.99(2)1
_2rubbk
686 _aХ621.033.2я22
_2rubbk
702 1 _aШишкин
_bВ. П.
_4220
702 1 _aЯкуба
_bО. М.
_gОльга Мироновна
_4340
702 1 _aПавловский
_bР. С.
_4340
702 1 _aПрилуцкий
_bВ. А.
_gВасилий Алексеевич
_4220
702 1 _aФиночко
_bФ. Д.
_4220
702 1 _aРыбальченко
_bР. К.
_4220
801 0 _aRU
_bNLR
_gpsbo
801 1 _aRU
_bELAR
_2rusmarc
852 _aNLR
_j80-5/977
899 _aRuMoRGB
_jB 80-31/1
899 _aRuMoRGB
_jB 80-31/2
942 _cBOOK
980 _aNB